000 00418nam a22001697a 4500
999 _c160301
_d160301
005 20190124154617.0
010 _aB-085677
020 _c250.00
035 _aB-085677
037 _bHeritage Network
082 _aS
100 _aPandit, Heta
245 _aDust and other short stories from Goa
_cHeta Pandit
260 _aGoa
_bHeritage Network
_c2002
300 _a231p.
_c22cm(pbk)
942 _2ddc
_cEN
_hS
_mPAN